1013 1825 1286 1324 1661 1527 1651 1778 1320 1680 1805 1873 1459 1316 1054 1196 1690 1200 1689 1242 1634 1842 1192 1612 1578 1239 1894 1198 1427 1038 1104 1551 1255 1770 1275 1294 1782 1193 1756 1487 1097 1718 1839 1344 1430 1748 1617 1328 1049 1818 1111 1233 1248 1868 1232 1338 1081 1321 1971 1186 1047 1935 1232 1538 1361 1605 1467 1365 1265 1720 1588 1827 1113 1590 1814 1485 1710 1526 1683 1223 1419 1516 1667 1603 1114 1428 1380 1371 1404 1579 1737 1078 1484 1388 1670 1211 1440 1976 1609 BCNSPRNW ULIB Ver.6.0+V

เปลี่ยนเป็นภาษาไทย

Change to English
 แสดงรายละเอียดบรรณานุกรม
  กลับหน้าหลัก

Brief Record : Get Marc (ISO 2709) : E-mail record : QR code < ปิดหน้าต่าง
LEADER : 00000nam 2200000uu 4500
001    13399110762
003     ULIB
008    110608s2551||||th 000 0 tha d
020    9789749508817
060 04 WS105.5.F2^bช541ร 2551
100 0  คิวโทกุ, ชิเงโมริ
245 10 โรคแม่ทำ /^cโดย ชิเงโมริ คิวโทกุ ; แปล/เรียบเรียงโดย สมอาจ วงษ์ขมทอง
250    พิมพ์ครั้งที่ 12
260    กรุงเทพฯ :^bหมอชาวบ้าน,^c2551
300    163 หน้า :^bภาพประกอบ
650  2 Family Relations
650  2 Parent-Child Relations
700 00 สมอาจ วงษ์ขมทอง,^eผู้แปล
945    ^p130^l0^i026380
945    ^p130^l0^i024144
945    ^p130^l0^i026381
995    ทศพร
999 ^a ใช้งานได้ทุกระบบ
รายการนี้ยังไม่มีแท็ก
คุณยังไม่ได้ล็อกอิน คุณสามารถมีกิจกรรมร่วมกับเว็บไซต์ได้ แต่ต้องล็อกอินก่อน ::
  ล็อกอิน

รายการสื่อสารสนเทศ

ลำดับที่ ประเภท เลขเรียก/บาร์โค้ด สถานที่ สถานะ
- ไม่พบข้อมูล -

รายการใกล้เคียง
    ผู้แต่ง [คิวโทกุ, ชิเงโมริ]

    หัวเรื่อง [Family Relations]
    หัวเรื่อง [Parent-Child Relations]

BibComment


ยังไม่เคยถูกคอมเมนท์

คอมเมนท์ทรัพยากรรายการนี้
  คอมเมนท์: โรคแม่ทำ โดย ชิเ..


 Copyright 2026. Bcnsprnw @Library